La controverse pélagienne (Record no. 164242)

MARC details
000 -LEADER
campo de control de longitud fija 00833nam a22001815i 4500
001 - NÚMERO DE CONTROL
campo de control 164242
003 - IDENTIFICADOR DE NÚMERO DE CONTROL
campo de control ES-MaACL
005 - FECHA Y HORA DE LA ÚLTIMA TRANSACCIÓN
campo de control 20250801201903.0
008 - DATOS DE LONGITUD FIJA--INFORMACIÓN GENERAL
campo de control de longitud fija 050728s1879 sz | |||||||| ||fre d
040 ## - FUENTE DE CATALOGACIÓN
Centro catalogador/agencia de origen CAM
Lengua de catalogación spa
Centro/agencia transcriptor CAM
100 1# - ENTRADA PRINCIPAL--NOMBRE DE PERSONA
Nombre de persona Sabio del Valle, Segundo.
9 (RLIN) 101207
245 13 - MENCIÓN DEL TÍTULO
Título La controverse pélagienne
Resto del título : étude historico-criitique présentée à la Faculté de théologie de l'Eglise libre du canton de Vaud /
Mención de responsabilidad, etc. par Segundo Sabio del Valle, pour obtenir le diplóme de licencié de théologie.
260 ## - PUBLICACIÓN, DISTRIBUCIÓN, ETC.
Lugar de publicación, distribución, etc. Lausanne :
Nombre del editor, distribuidor, etc. [s.n.],
Fecha de publicación, distribución, etc. 1879 (
Fabricante Imprimerie Georges Bridel)
300 ## - DESCRIPCIÓN FÍSICA
Extensión 113 p. ;
Dimensiones 22 cm.
650 #7 - PUNTO DE ACCESO ADICIONAL DE MATERIA--TÉRMINO DE MATERIA
Término de materia o nombre geográfico como elemento de entrada Teología
Fuente del encabezamiento o término embne
9 (RLIN) 17457
852 ## - LOCALIZACIÓN
Ubicación ES-MaACL
Número de control de estantería T-545-F-3
Nota libre -- Enc. hol. conservando la cub. original
-- -- Dedic. ms. del autor al Ateneo de Madrid
-- -- Enc. en un vol. facticio
Holdings
Estatus retirado Estado de pérdida Estado de daño No para préstamo Colección Biblioteca de origen Biblioteca actual Ubicación en estantería Fecha de adquisición Total de préstamos Signatura topográfica completa Código de barras Visto por última vez Precio de reemplazo Tipo de ítem Koha
        Colección de folletos Biblioteca del Ateneo de Madrid Biblioteca del Ateneo de Madrid Depósito folletos 17/01/2008   T-545-F-3 1172144 23/02/2023 23/02/2023 Folleto